000 00492pab a2200181 454500
008 180718b2010 xxu||||| |||| 00| 0 eng d
100 _aPradhan, Manas Ranjan
245 _aUnderstanding knowledge and determinants of sexual and reproductive rights of youth in Orissa
260 _c2010
300 _ap.393-405.
362 _aJul-Dec
650 _aYouth - India - Orissa
650 _aYouth
700 _aUsha Ram
773 _aEastern Anthropologist
908 _aN
909 _a91389
999 _c91389
_d91389